| 000 | 00862nam a2200277 a 4500 | ||
|---|---|---|---|
| 001 | 016065442 | ||
| 003 | Uk | ||
| 005 | 20240818092943.0 | ||
| 008 | 110405s2013 onca b 001 0 eng | ||
| 016 | _a20119021757 | ||
| 020 | _a0138004641 | ||
| 020 | _a9780138004644 | ||
| 082 | 0 | 4 |
_a572.3 _223 _bBIO |
| 245 | 0 | 0 |
_aBiochemistry / _c[edited by] Christopher K. Mathews ... [et al.]. |
| 250 | _a4th U.S. ed. | ||
| 260 |
_aToronto : _bPrentice Hall, _cc2013. |
||
| 300 |
_axxvi, 1342 p. : _bill. (some col.) ; _c29 cm. |
||
| 504 | _aIncludes bibliographical references and index. | ||
| 650 | 0 |
_aBiochemistry. _931095 |
|
| 653 |
_bPharmacy _cOctober2012 |
||
| 700 | 1 |
_aMathews, Christopher K., _d1937- _931096 |
|
| 942 |
_2ddc _cBB _hRDA-MOD |
||
| 999 |
_c17067 _d17039 |
||
| 336 |
_2rdacontent _atext _btxt |
||
| 337 |
_aunmediated _2rdamedia _bn |
||
| 338 |
_avolume _bnc _2rdacarrier |
||